00230nam a2200085Ia 4500001000800000005001700008008004100025245005500066260002300121104064520250826232027.0250824s9999 xx 000 0 und d 0aİMPAROTORLUKTAN CUMHURİYETEcHALİL İNALCIK bKRONİK YAYINLARI